Kpop groups - Statistics

General Stats
  • This quiz has been taken 190 times
  • The average score is 51 of 127
Answer Stats
Answer % Correct
BTS
98%
Twice
93%
Blackpink
92%
Stray Kids
90%
TXT
88%
Itzy
86%
BIG BANG
85%
EXO
83%
NCT
82%
Seventeen
82%
AESPA
81%
Enhypen
81%
Ive
80%
Ateez
79%
Mamamoo
79%
Red Velvet
79%
NEW JEANS
78%
SHINee
78%
(G)I-DLE
77%
Girls' Generation
77%
LE SSERAFIM
76%
GOT7
74%
Iz*one
71%
Momoland
71%
Nmixx
69%
TREASURE
69%
BTOB
65%
APINK
64%
iKON
64%
LOONA
64%
MONSTA X
64%
Super Junior
64%
2PM
62%
The Boyz
62%
Everglow
61%
Dreamcatcher
60%
Pentagon
60%
2AM
59%
fromis_9
58%
DAY6
57%
AOA
56%
I.O.I
56%
Astro
54%
Block B
54%
f(x)
54%
4minute
53%
ONEUS
53%
Purple Kiss
53%
STAYC
53%
Cravity
49%
OH MY GIRL
49%
P1harmony
49%
VIXX
47%
Weki Meki
46%
SF9
42%
SuperM
41%
The Rose
41%
EXID
40%
NU'EST
40%
Weeekly
40%
Xdinary Heroes
40%
AB6IX
38%
Billlie
38%
Cherry Bullet
38%
CIX
38%
Girl's Day
36%
A.C.E
34%
Infinite
33%
Viction
33%
T-ara
32%
Blackswan
29%
Golden Child
29%
LIGHTSUM
27%
Brave Girls
26%
Brown Eyed Girls
26%
Rocket Punch
26%
GOT The Beat
25%
The King
25%
Kingdom
23%
MCND
23%
Cosmic Girls
22%
CLASS:y
21%
Highlight
21%
Just B
21%
Nature
21%
TRI.BE
21%
XG
21%
ZE:A
21%
DIA
20%
EPEX
20%
E'LAST
19%
MIRAE
19%
Secret Number
19%
Ladies’ Code
18%
PIXY
18%
U-Kiss
17%
WEi
16%
LAPILLUS
15%
DRIPPIN
14%
TNX
14%
VAV
14%
WOO! AH!
13%
Blitzers
11%
bugAboo
10%
CRAXY
9%
Dreamnote
9%
K/DA
8%
M.O.N.T
7%
24K
6%
Pink Fantasy
5%
Saturday
5%
Big Mama
4%
Mamadol
4%
Rolling Quartz
4%
Fanatics
3%
Girls Next Door
3%
Hashtag
3%
Imfact
3%
MustB
3%
Rocking Doll
3%
VENUS
3%
Dustin
2%
Favorite
2%
Holics
2%
ICU
2%
PIU
2%
I.C.E
1%
No matching quizzes found
Score Distribution
Percent of People with Each Score
Percentile by Number Answered
Your Score History
You have not taken this quiz